| 000 | 00370nam a2200157Ia 4500 | ||
|---|---|---|---|
| 008 | 230605s1982 xx 000 0 und d | ||
| 041 | _aeng | ||
| 100 | _aDouglas | ||
| 245 | _aCassell`s concise french English- English French Dictionary | ||
| 260 |
_bCassell _c1982 |
||
| 300 | _a658p | ||
| 365 | _h10 | ||
| 520 | _aHard Board | ||
| 520 | _aMisc | ||
| 650 | _aDict. | ||
| 999 |
_c419789 _d419789 |
||